000149785 001__ 149785
000149785 005__ 20251017144636.0
000149785 0247_ $$2doi$$a10.1002/anie.201205938
000149785 0248_ $$2sideral$$a81900
000149785 037__ $$aART-2013-81900
000149785 041__ $$aeng
000149785 100__ $$aBoulon, M. -E
000149785 245__ $$aMagnetic anisotropy and spin-parity effect along the series of lanthanide complexes with DOTA
000149785 260__ $$c2013
000149785 5060_ $$aAccess copy available to the general public$$fUnrestricted
000149785 540__ $$9info:eu-repo/semantics/openAccess$$aAll rights reserved$$uhttp://www.europeana.eu/rights/rr-f/
000149785 590__ $$a11.336$$b2013
000149785 591__ $$aCHEMISTRY, MULTIDISCIPLINARY$$b11 / 145 = 0.076$$c2013$$dQ1$$eT1
000149785 655_4 $$ainfo:eu-repo/semantics/article$$vinfo:eu-repo/semantics/acceptedVersion
000149785 700__ $$aCucinotta, G.
000149785 700__ $$0(orcid)0000-0002-9208-0807$$aLuzon, J.
000149785 700__ $$aDegl'Innocenti, C.
000149785 700__ $$aPerfetti, M.
000149785 700__ $$aBernot, K.
000149785 700__ $$aCalvez, G.
000149785 700__ $$aCaneschi, A.
000149785 700__ $$aSessoli, R.
000149785 773__ $$g52, 1 (2013), 350-354$$pAngew. Chem. (Int. ed.)$$tAngewandte Chemie (International ed.)$$x1433-7851
000149785 8564_ $$s444693$$uhttps://zaguan.unizar.es/record/149785/files/texto_completo.pdf$$yPostprint
000149785 8564_ $$s3081396$$uhttps://zaguan.unizar.es/record/149785/files/texto_completo.jpg?subformat=icon$$xicon$$yPostprint
000149785 909CO $$ooai:zaguan.unizar.es:149785$$particulos$$pdriver
000149785 951__ $$a2025-10-17-14:29:27
000149785 980__ $$aARTICLE